|
|
|
|
| LEADER |
00000nam0a2200000 4500 |
| 001 |
92843 |
| 005 |
20231031104906.0 |
| 035 |
|
|
|a (RuTPU)RU\TPU\book\99449
|
| 090 |
|
|
|a 92843
|
| 100 |
|
|
|a 20060321d1962 km y0rusy50 ca
|
| 101 |
0 |
|
|a rus
|
| 102 |
|
|
|a RU
|
| 105 |
|
|
|a a z 000zy
|
| 200 |
1 |
|
|a Геологическое строение и нефтегазоносность восточной части Прикаспийской впадины и её северного, восточного и юго-восточного обрамлений
|e материалы выездной сессии Экспертно-геологического совета МГ и ОН Казахской ССР и Ученого совета ВНИГНИ, состоявшейся в Актюбинске с 26 по 30 ноября 1960 г.
|f Всесоюзный научно-исследовательский геологоразведочный нефтяной институт; под ред. А. С. Богатырева; Я. С. Эвентова
|
| 210 |
|
|
|a Москва
|c Гостоптехиздат
|d 1962
|
| 215 |
|
|
|a 368 с.
|c ил.
|
| 320 |
|
|
|a Библиография в конце глав.
|
| 610 |
1 |
|
|a геология
|
| 610 |
1 |
|
|a Прикаспийская впадина
|
| 610 |
1 |
|
|a нефтеносные районы
|
| 610 |
1 |
|
|a газоносные районы
|
| 610 |
1 |
|
|a геологическое строение
|
| 675 |
|
|
|a 55(с5)
|v 3
|
| 675 |
|
|
|a 553.98
|v 3
|
| 702 |
|
1 |
|a Богатырев
|b А. С.
|4 340
|
| 702 |
|
1 |
|a Эвентов
|b Я. С.
|4 340
|
| 712 |
0 |
2 |
|a Всесоюзный нефтяной научно-исследовательский геологоразведочный институт (ВНИГРИ)
|c (Ленинград)
|c (1929-1991)
|2 stltpush
|3 (RuTPU)RU\TPU\col\7662
|
| 801 |
|
1 |
|a RU
|b 63413507
|c 20060321
|g PSBO
|
| 801 |
|
2 |
|a RU
|b 63413507
|c 20090817
|g PSBO
|
| 942 |
|
|
|c BK
|